MIET PUBLIC SCHOOLS

Arms and Man (Record no. 4129)

MARC details
000 -LEADER
fixed length control field 00184nam a22000977a 4500
020 ## - INTERNATIONAL STANDARD BOOK NUMBER
International Standard Book Number J02311
100 ## - MAIN ENTRY--PERSONAL NAME
Personal name Bernard shaww ,G.
245 ## - TITLE STATEMENT
Title Arms and Man
300 ## - PHYSICAL DESCRIPTION
Extent 912
942 ## - ADDED ENTRY ELEMENTS (KOHA)
Source of classification or shelving scheme Dewey Decimal Classification
Koha item type Story books
Holdings
Withdrawn status Lost status Source of classification or shelving scheme Damaged status Not for loan Permanent location Current location Date acquired Cost, normal purchase price Total Checkouts Barcode Date last seen Bill Date Koha item type Bill Number
    Dewey Decimal Classification     MIET Public School Jagriti Vihar Meerut MIET Public School Jagriti Vihar Meerut 04/10/2023 395.00   J02311 06/02/2023 04/06/2023 Story books 22-230CRB 09
opac credits

Powered by Koha